| 000 | 02988nam a2200469 a 4500 | ||
|---|---|---|---|
| 003 | CHAP | ||
| 005 | 20241014113426.0 | ||
| 007 | cr ||||||a|c|a | ||
| 008 | 101124s2010 mx r 00010 spa d | ||
| 035 | _a111597 | ||
| 040 | _cCHAP | ||
| 090 | _aTesis | ||
| 100 | 1 |
_aValle Mendoza, Juan Carlos _9117599 |
|
| 245 | 1 | 0 |
_aAcumulación de biomasa, crecimiento y extracción nutrimental en pimiento morrón (Capsicum annuum) _c/por Juan Carlos Valle Mendoza; director de tesis Rogelio Castro Brindis. |
| 264 | 1 |
_aChapingo, Méx. : _bEl autor, _c2010. |
|
| 300 |
_a1 recurso en línea (106 páginas). _ccuadros, figuras. |
||
| 336 |
_2rdacontent _atexto _btxt |
||
| 337 |
_2rdamedia _acomputadora _bc |
||
| 338 |
_2rdacarrier _arecursos en línea _bcr |
||
| 502 |
_bMCH _cFitotecnia _d2010. _gMAE |
||
| 520 | _aEn la presente investigación se realizó análisis de crecimiento durante dos estratos de producción del cultivo pimiento morrón en cuatro soluciones nutritivas (25, 75, 125 y 175 %) bajo condiciones de invernadero. Se obtuvieron las tasas de crecimiento del cultivo, así como el contenido y tasa de absorción de N, P, K, Ca y Mg en las etapas: bifurcación del tallo principal, floración, amarre y crecimiento de fruto y madurez comercial. Las plantas en la solución nutritiva a 75 %, presentaron mejores características en: tasa absoluta de crecimiento (2.6859 g dia-1), tasa relativa de crecimiento (0.0369 g∙g-1dia-1), tasa de asimilación neta (0.3729 g∙m2·dia-1) y razón de área foliar (92.1959 cm2∙g-1) e índice de cosecha (0.65). La extracción nutrimental en cada etapa fenológica fue: 0.0633, 0.1716, 0.4066 y 3.55 g∙planta-1 de N; 0.0053, 0.0069, 0.0192 y 0.3152 g∙planta-1 de P; 0.0121, 0.2954, 0.6030 y 3.848 g∙planta-1 de K, 0.0053, 0.0372, 0.0797 y 0.7798 g∙planta-1 de Ca y 0.0328, 0.0232, 0.0792 y 0.5879 g∙planta-1 de Mg. La demanda nutrimental de N, P, K, Ca y Mg; para producir una tonelada de frutos amarillos de pimiento morrón manejado a dos estratos de producción fue: 2.4, 0.2, 2.3, 0.5 y 0.4 Kg, respectivamente. | ||
| 590 |
_aALEPH _b10 _c20130110 |
||
| 590 |
_aBATCH-UPD _b10 _c20130110 |
||
| 590 |
_aBATCH-UPD _b10 _c20130410 |
||
| 590 |
_aBATCH-UPD _b10 _c20130914 |
||
| 590 |
_aBATCH-UPD _b10 _c20140324 |
||
| 590 |
_aBATCH-UPD _b10 _c20141002 |
||
| 590 |
_aCONVERSION _b10 _c20130109 |
||
| 650 | 1 | 4 |
_aBiomasa. _912825 |
| 650 | 1 | 4 |
_aCapsicum annum. _918733 |
| 650 | 1 | 4 |
_aChile pimiento _xCrecimiento. _922475 |
| 650 | 1 | 4 |
_aCiclo biológico. _923050 |
| 650 | 1 | 4 |
_aExtractos vegetales. _939214 |
| 700 | 1 |
_aCastro Brindis, Rogelio _920333 _eDirector de tesis. |
|
| 856 |
_uhttp://10.13.5.2/tesis/111597.pdf _zDESCARGAR PDF |
||
| 901 | _aBK | ||
| 942 |
_cTD _2Clasificación Universidad Aurónoma Chapingo |
||
| 949 |
_aTesis _bBC _cTES _d33724002223108 _eTS1 _gDonaciØn _h51510 _i111597 _sb |
||
| 949 |
_aTesis _bBC _cTES _d33724002223149 _eTS2 _fc.2 _gDonaciØn _h51511 _i111597 _sb |
||
| 999 |
_c99939 _d99939 |
||